Jugadores extranjeros en la liga española 2022-2023 - Estadísticas

Estadísticas generales
  • Esta prueba ha sido intentada 621 veces
  • La puntuación promedio es 11 de 15
Estadísticas de respuestas
Nº de jugadores en la liga País de origen % Correcto
31 Argentina
97%
23 Brasil
97%
19 Francia
97%
3 Alemania
91%
11 Portugal
88%
14 Uruguay
83%
7 Marruecos
81%
5 Colombia
77%
5 Países Bajos
73%
6 Bélgica
70%
3 Chile
67%
4 Croacia
65%
5 Senegal
55%
5 Dinamarca
50%
9 Serbia
46%
No se encontraron pruebas coincidentes
Distribución de puntuación
Porcentaje de gente con cada puntuación
Porcentaje por número respondido
Historial de tus puntuaciones
No has intentado esta prueba.